| 000 | 00535nam a2200193 i 4500 | ||
|---|---|---|---|
| 001 | 16098 | ||
| 003 | ES-MaACL | ||
| 005 | 20250829034407.0 | ||
| 007 | t| | ||
| 008 | 000622s1999 sp ||||1| spa d | ||
| 020 | _a84-204-4161-9 | ||
| 080 | _a821.134.2-31"19" | ||
| 100 | 1 |
_aMuñoz Molina, Antonio, _d1956- _984461 |
|
| 245 | 1 | 0 |
_aCarlota Fainberg / _cAntonio Muñoz Molina. |
| 260 |
_aMadrid : _bAlfaguara, _c[1999] |
||
| 300 |
_a174 p. ; _c22 cm. |
||
| 852 |
_aES-MaACL _jL-23326 _bR.128421 |
||
| 999 |
_c16098 _d16098 |
||